000 00323nam a22001457a 4500
003 SGT
020 _a97815-43343-16-8
082 _a570
_bDWI
100 _aDEIVEDI, DR. SUMEET
245 _aCELL AND MALECULAR BIOLOGY
260 _aINDIA
_bPEE VEE PUB.
_c2019
300 _a220
650 _aBIOLOGY
942 _2ddc
_cBK
999 _c32443
_d32443